000 01082nac a22003497a 4500
001 BR8203628
003 BR-BrBNA
005 20240105115353.0
008 230509b bl.|||m| |||| 00| 0 por d
040 _aBR-BrBNA
_bpor
_cBiblioteca Nacional de Agricultura
072 _aL36; L30
090 _a8952 BR8203628
100 1 _aCodagnone, H.C.V.
100 1 _aMuehlmann, L.D.
110 1 _aFundacao Instituto Agronomico do Parana, Londrina (Brasil)
245 1 _aAvaliacao da qualidade de silagens produzidas na Regiao de Londrina [Parana, Brasil]
260 3 _aLondrina, PR (Brasil):
_c1982.
300 _a4 p.
490 _aInforme da Pesquisa - Fundacao Instituto Agronomico do Parana (Brazil)
_vno. 46
_xISSN 0100-9508
650 _aENSILAGEM
650 _aSILAGEM
650 _aPLANTA FORRAGEIRA
650 _aMILHO
650 _aSORGO
650 _aNUTRICAO ANIMAL
650 _aGADO LEITEIRO
650 _aANALISE QUIMICA
650 _aVALOR NUTRITIVO
650 _aPARANA
909 _a202312
_bLúcia Elande
_c55
_dLúcia Elande
942 _2AGRIS
_n0
_cMS
999 _c274545
_d274545